书目信息 |
| 题名: |
九型人格
|
|
| 作者: | 里索 , 赫德森 著 ;徐晶 译 | |
| 分册: | ||
| 出版信息: | 海口 南海出版公司 2013 |
|
| 页数: | 395页 | |
| 开本: | 24cm | |
| 丛书名: | ||
| 单 册: | ||
| 中图分类: | B848-49 | |
| 科图分类: | ||
| 主题词: | 人格心理学--ren ge xin li xue--通俗读物 | |
| 电子资源: | ||
| ISBN: | 978-7-5442-6380-1 | |
| 000 | 01422nam0 22003011 450 | |
| 001 | 0118172133 | |
| 005 | 20170619154622.25 | |
| 010 | @a978-7-5442-6380-1@dCNY49.50 | |
| 100 | @a20130719d2013 em y0chiy50 ea | |
| 101 | 1 | @achi@ceng |
| 102 | @aCN@b460000 | |
| 105 | @ay z 000yy | |
| 106 | @ar | |
| 200 | 1 | @a九型人格@Ajiu xing ren ge@e了解自我、洞悉他人的秘诀@dPersonality types: using the enneagram for self-discovery@f(美)唐·理查德·里索,(美)拉斯·赫德森著@g徐晶译@zeng |
| 205 | @a2版 | |
| 210 | @a海口@c南海出版公司@d2013 | |
| 215 | @a395页@d24cm | |
| 300 | @a国际九型人格研究会指定教材 | |
| 330 | @a本书概括了九种性格类型——改革者、助人者、目标追求者、个人主义者、探索者、忠诚者、热情者、领导者与和平缔造者。无论你是哪种人,都能在九型人格系统中找到自己的位置。它能穿透人们表面的喜怒哀乐,进入人心最隐秘之处,发现人的最真实、最根本的需求和渴望,帮助我们洞察身边人的真实想法,有效地应对人际关系,提升我们人生的幸福指数和成功指数。 | |
| 510 | 1 | @aPersonality types: using the enneagram for self-discovery@zeng |
| 517 | 1 | @a了解自我、洞悉他人的秘诀@Ale jie zi wo dong xi ta ren de bi jue |
| 606 | 0 | @a人格心理学@Aren ge xin li xue@j通俗读物 |
| 690 | @aB848-49@v5 | |
| 701 | 0 | @c(美)@a里索@Ali suo@c(Riso, Don Richard)@4著 |
| 701 | 0 | @c(美)@a赫德森@Ahe de sen@c(Hudson, Russ)@4著 |
| 702 | 0 | @a徐晶@Axu jing@4译 |
| 801 | 0 | @aCN@bTANGWEI@c20170610 |
| 905 | @b1008549-54@dB848-49@e1840=2@f6 | |
| 九型人格:了解自我、洞悉他人的秘诀=Personality types: using the enneagram for self-discovery/(美)唐·理查德·里索,(美)拉斯·赫德森著/徐晶译.-2版.-海口:南海出版公司,2013 |
| 395页;24cm |
| 国际九型人格研究会指定教材 |
| ISBN 978-7-5442-6380-1:CNY49.50 |
| 本书概括了九种性格类型——改革者、助人者、目标追求者、个人主义者、探索者、忠诚者、热情者、领导者与和平缔造者。无论你是哪种人,都能在九型人格系统中找到自己的位置。它能穿透人们表面的喜怒哀乐,进入人心最隐秘之处,发现人的最真实、最根本的需求和渴望,帮助我们洞察身边人的真实想法,有效地应对人际关系,提升我们人生的幸福指数和成功指数。 |
| ● |
| 相关链接 |
|
|
|
|
正题名:九型人格
索取号:B848-49/1840=2
 
预约/预借
| 序号 | 登录号 | 条形码 | 馆藏地/架位号 | 状态 | 备注 |
| 1 | 1008549 | 210085496 | 第一样本阅览室/ [索取号:B848-49/1840=2] | 在馆 | |
| 2 | 1008550 | 210085502 | 教育系资料室/ [索取号:B848-49/1840=2] | 在馆 | |
| 3 | 1008551 | 210085511 | 教育系资料室/ [索取号:B848-49/1840=2] | 在馆 | |
| 4 | 1008552 | 210085520 | 教育系资料室/ [索取号:B848-49/1840=2] | 在馆 | |
| 5 | 1008553 | 210085539 | 第一借阅区/ [索取号:B848-49/1840=2] | 在馆 | |
| 6 | 1008554 | 210085548 | 第一借阅区/ [索取号:B848-49/1840=2] | 在馆 |